000 02757nkc a2200373za 4500
001 84719
003 OSt
005 20260410101757.0
007 kh boc
008 250410s19101911sp ||||| ||||||0| i|spa d
040 _aM-RABA
_bspa
_cM-RABA
100 1 _aElorza, Lorenzo
_d(1861-1931)
_9111068
245 1 0 _aZuazo de Álava
_b: Puerta de la Iglesia
_c/ L. E.
260 _c[ca. 1910 – 1911]
300 _a1 fotografía
_b: gelatina de plata
_c; imagen 12 x 17 cm
_c; soporte secundario 21,5 x 26,5 cm
500 _aVista de la portada de la iglesia parroquial de Zuazo de Álava, compuesta por un arco de medio punto y dos arquivoltas baquetonadas, apoyadas en línea de imposta lisa sobre dos pares de columnas de fuste liso y capitel decorado. Un niño figura sentado en la entrada.
500 _aFotografía montada sobre soporte secundario de cartulina azul enmarcada con orla en relieve. Título y numeración manuscrita que hace referencia a la posición en la serie “164”.
500 _aSello con monograma del fotógrafo en tinta roja “L.E.”
500 _aFechas tomadas de la ejecución del positivo de las fotografías, incluido el soporte secundario. (Soto Madrazo, Javier. 2008).
500 _aForma parte de un conjunto de 167 fotografías empleadas por Federico Baráibar Zumárraga para la elaboración del Inventario del Románico en Álava (1911).
504 _aBaraibar, F.: "Rincones artísticos", M. 1914.
505 _aZuazo de Alava.- Puerta de la Iglesia. / L. E.
510 _aDescripción tomada de: Soto Madrazo, Javier (2008). Federico Baraibar y el Inventario del Románico en Álava: una caja con 167 fotografías.
510 _aEsta colección fue utilizada posteriormente por Cristóbal de Castro para la elaboración y publicación del "Catálogo Monumental de España: provincia de Álava", Madrid, S. de Rivadeneira, 1915.
510 _aUbicación tomada de: Garagalza de la Heras, Mª Paz (2011). "Zuazo de Vitoria. Iglesia de San Esteban" en Enciclopedia del románico en el País Vasco; Aguilar de Campoo : Fundación Santa María la Real, centro de estudios del románico, 2011. pp.1655-1656. (Disponible online)
561 _aDonadas junto con la memoria manuscrita a la Academia por el mismo Baraibar (Sesión 12 de febrero de 1912, Archivo: 4-32-1)
610 2 4 _aIglesia de San Esteban (Zuazo de Álava)
_9111661
651 7 _aÁlava
_2embne
_975661
655 0 _aFotografías de monumentos
_9111580
700 1 _aBaráibar y Zumárraga, Federico
_d(1851-1918)
_912926
852 _jFot-273
856 _3Fot-273
_uhttps://archivoybiblioteca.realacademiabellasartessanfernando.com/cgi-bin/koha/opac-retrieve-file.pl?id=a83d7b96ac8971bc73b757599d68b32f
942 _2ddc
_cFOTOGRAFÍA
_n0
999 _c84719
_d84719